000 00649nam a22001817a 4500
999 _c62806
_d62806
003 Ge_BSU
005 20250226133741.0
008 250226s1959 ge ||||| |||| 00| 0 geo d
041 _ageo
080 _a616.24-002.5 მ-58
100 _aმესტიაშვილი, გ.
_924414
245 _aტუბერკულოზი /
_c გ. მესტიაშვილი.
264 _aთბილისი :
_bსაბჭ. საქართველო,
_c1959.
300 _a451 გვ. :
_b ილ. ;
_c24 სმ.
653 _aტუბერკულოზი
653 _aმედიცინა
942 _2udc
_cᲬᲘᲒᲜᲘ